000 01398cam a22002654a 4500
001 1680
005 20250805081341.0
020 _a9780439930635
040 _aDLC
_cDLC
_dDLC
_beng
050 0 0 _aGV1132.A4
_bB65 2004
082 0 0 _a796.83
_aB
_222
100 1 _aBolden, Tonya
245 1 4 _aThe champ :
_bthe story of Muhammad Ali /
_cby Tonya Bolden ; illustrated by R. Gregory Christie.
250 _aFirst Edition
260 _aNew York :
_bScholastic
_c2004
300 _a34 pages :
_bcolor illustrations ;
_c29 cm
505 _aR
520 _aMuhammad Ali is one of the world's best-known figures, and this incredible biography delves into precisely why. From his unlikely beginnings as a skinny, young Cassius Clay learning to box at a local gym to becoming the heavyweight champion of the world at the famous "Rumble in the Jungle," where even the skies let loose with rain right after his victory, Ali has captivated the world. Tonya Bolden's careful research and elegant telling, paired with R. Gregory Christie's incredible paintings, make this a book that will inform and inspire readers of all ages.
521 _a760
_bLexile AD
521 _aR
_bRaz-Plus
650 0 _aBoxers (Sports)
_zUnited States
_vBiography
_vJuvenile literature.
700 1 _aChristie, R. Gregory
_d1971-
_eillustrator
906 _a7
_bcbc
_corignew
_d1
_eecip
_f20
_gy-gencatlg
942 _2ddc
_cBK
_n0
999 _c1680
_d1680